Methodes de la theorie des fonctions d'une variable complexe
Պահպանված է:
| Հիմնական հեղինակներ: | , |
|---|---|
| Ձևաչափ: | Գիրք |
| Լեզու: | ֆրանսերեն |
| Հրապարակվել է: |
Moscú
Mir
1972
|
| Խորագրեր: | |
| Ցուցիչներ: |
Ավելացրեք ցուցիչ
Չկան պիտակներ, Եղեք առաջինը, ով նշում է այս գրառումը!
|
MARC
| LEADER | 00000cam a2200000 a 4500 | ||
|---|---|---|---|
| 001 | UCF4712 | ||
| 003 | CL-VaPUC | ||
| 008 | 121220e19720000RU |||||||||||||||||fre|d | ||
| 082 | 0 | 4 | |a 515.9 |b LAU |2 21 |
| 100 | |a Laurentiev, M. A |e author |9 371918 | ||
| 700 | 0 | |a Chabat, B |e author |9 566253 | |
| 245 | 1 | 0 | |a Methodes de la theorie des fonctions d'une variable complexe |
| 300 | |a 728 p | ||
| 942 | |c BK | ||
| 945 | |d 20121220 00:00:00 |a dcastane | ||
| 260 | |a Moscú |b Mir |c 1972 | ||
| 650 | 0 | |a Funciones de variables complejas |9 260212 | |
| 650 | 0 | |a Análisis complejo |9 260214 | |
| 650 | 0 | |a Variables complejas |9 581247 | |
| 583 | |a last modification |c 20121220 10:25:00 |k Rodrigo Vera | ||
| 999 | |c 350417 |d 350415 | ||
| 952 | |0 0 |1 0 |4 0 |6 515_900000000000000_LAU_1972 |7 0 |8 A |9 453734 |a BIBMAT |b BIBMAT |d 2019-11-22 |i 4918541 |o 515.9 LAU 1972 |p 4918541 |r 2025-01-07 |w 2019-11-22 |y BK |k MAT | ||